[Event "Quebec-ch Senior"]
[Site "Montreal"]
[Date "2016.04.24"]
[Round "5.7"]
[White "Bureau, Robert"]
[Black "Brule, Daniel"]
[Result "0-1"]
[WhiteElo "1526"]
[BlackElo "1501"]
[PlyCount "52"]
[EventDate "2016.04.22"]
[EventType "swiss"]
[EventRounds "5"]
[EventCountry "CAN"]
[SourceTitle "EXT 2022"]
[Source "ChessBase"]
[SourceDate "2021.10.06"]
[SourceVersion "1"]
[SourceVersionDate "2021.10.06"]
[SourceQuality "1"]

1. e4 d6 2. d4 Nf6 3. Nc3 g6 4. Nf3 Bg7 5. h3 c6 6. Bc4 b5 7. Bd3 Be6 8. 0-0 0-0 9. Bd2 Nbd7 10. Qc1 b4 11. Ne2 a5 12. Nf4 Qb6 13. Nxe6 fxe6 14. Be3 c5 15. e5 dxe5 16. dxe5 Nd5 17. Bh6 Rxf3 18. gxf3 Nxe5 19. Kg2 Rf8 20. Be4 Nf6 21. Bxg7 Kxg7 22. Qg5 Qc7 23. Rfe1 Nh5 24. Bxg6 Nf4+ 25. Kg3 Nexg6 26. Qg4 h5 0-1

[Event "Quebec-ch Senior"]
[Site "Montreal"]
[Date "2016.04.23"]
[Round "2.8"]
[White "Lesage, Philippe"]
[Black "Brule, Daniel"]
[Result "1-0"]
[WhiteElo "1745"]
[BlackElo "1501"]
[PlyCount "61"]
[EventDate "2016.04.22"]
[EventType "swiss"]
[EventRounds "5"]
[EventCountry "CAN"]
[SourceTitle "EXT 2022"]
[Source "ChessBase"]
[SourceDate "2021.10.06"]
[SourceVersion "1"]
[SourceVersionDate "2021.10.06"]
[SourceQuality "1"]

1. Nf3 Nf6 2. c4 d6 3. g3 e5 4. d3 g6 5. Bg2 Bg7 6. Nc3 0-0 7. 0-0 c6 8. Rb1 Be6 9. Qb3 b5 10. Ng5 d5 11. Nxe6 fxe6 12. cxb5 c5 13. Bg5 Nbd7 14. e4 Nb6 15. exd5 exd5 16. Bxf6 Bxf6 17. Nxd5 Nxd5 18. Bxd5+ Kg7 19. Bxa8 Qxa8 20. Qc4 Qc8 21. b4 Be7 22. bxc5 Qf5 23. Qe4 Qf6 24. Rbc1 Rd8 25. Rc4 h5 26. c6 h4 27. c7 Rc8 28. Qg4 Qf8 29. Rc6 Bf6 30. Qe6 hxg3 31. fxg3 1-0

[Event "Montreal Juste pour jouer"]
[Site "Montreal"]
[Date "2012.10.08"]
[Round "7"]
[White "Brule, Daniel"]
[Black "Montreuil, Carl"]
[Result "1-0"]
[WhiteElo "1538"]
[BlackElo "1211"]
[PlyCount "79"]
[EventDate "2012.10.05"]
[EventType "swiss"]
[EventRounds "7"]
[EventCountry "CAN"]
[SourceTitle "EXT 2022"]
[Source "ChessBase"]
[SourceDate "2021.10.06"]
[SourceVersion "1"]
[SourceVersionDate "2021.10.06"]
[SourceQuality "1"]

1. d4 Nf6 2. c4 c5 3. d5 b5 4. cxb5 a6 5. bxa6 Bxa6 6. Nc3 d6 7. Nf3 g6 8. b3 Bg7 9. Bb2 Nbd7 10. Qc2 0-0 11. e4 Bxf1 12. Kxf1 Qa5 13. Nd2 Qa6+ 14. Ne2 Rab8 15. f3 Ne5 16. Bxe5 dxe5 17. Kf2 c4 18. bxc4 Bh6 19. Nb3 Nd7 20. c5 Qa7 21. Kg3 Nf6 22. h3 Qc7 23. Kh2 Be3 24. c6 e6 25. Rhd1 exd5 26. exd5 Qd6 27. Kh1 Bb6 28. Ng3 Bc7 29. Ne4 Nxe4 30. fxe4 f5 31. Nc5 fxe4 32. Nxe4 Qa3 33. d6 Rf3 34. dxc7 Rb2 35. c8Q+ Kg7 36. Qc7+ Kh6 37. Rd7 g5 38. Rxh7+ Kg6 39. Qg7+ Kf5 40. Qf6# 1-0

[Event "Montreal Juste pour jouer"]
[Site "Montreal"]
[Date "2012.10.07"]
[Round "5"]
[White "Brule, Daniel"]
[Black "Tinica, Gabriel"]
[Result "1/2-1/2"]
[WhiteElo "1538"]
[BlackElo "958"]
[PlyCount "58"]
[EventDate "2012.10.05"]
[EventType "swiss"]
[EventRounds "7"]
[EventCountry "CAN"]
[SourceTitle "EXT 2022"]
[Source "ChessBase"]
[SourceDate "2021.10.06"]
[SourceVersion "1"]
[SourceVersionDate "2021.10.06"]
[SourceQuality "1"]

1. d4 Nf6 2. Nf3 g6 3. g3 Bg7 4. c4 0-0 5. Bg2 d6 6. Nc3 Nc6 7. a3 e5 8. d5 Ne7 9. Nd2 Nd7 10. e4 f5 11. exf5 Nxf5 12. Nde4 Nf6 13. Bg5 Qd7 14. Nxf6+ Bxf6 15. Bxf6 Rxf6 16. Ne4 Rf8 17. 0-0 Nd4 18. f4 Qe7 19. fxe5 dxe5 20. Rxf8+ Qxf8 21. Qd3 Bg4 22. Rf1 Ne2+ 23. Kh1 Qc8 24. Nf6+ Kg7 25. Nxg4 Qxg4 26. Bf3 Nxg3+ 27. hxg3 Qh3+ 28. Kg1 Qxg3+ 29. Kh1 Qh3+ 1/2-1/2

[Event "Montreal Juste pour jouer"]
[Site "Montreal"]
[Date "2012.10.07"]
[Round "4"]
[White "Labadie, Bernard"]
[Black "Brule, Daniel"]
[Result "1-0"]
[WhiteElo "1290"]
[BlackElo "1538"]
[PlyCount "95"]
[EventDate "2012.10.05"]
[EventType "swiss"]
[EventRounds "7"]
[EventCountry "CAN"]
[SourceTitle "EXT 2022"]
[Source "ChessBase"]
[SourceDate "2021.10.06"]
[SourceVersion "1"]
[SourceVersionDate "2021.10.06"]
[SourceQuality "1"]

1. Nf3 d5 2. d4 g6 3. e3 Bg7 4. c4 c6 5. Nc3 Nf6 6. h3 Qc7 7. Bd3 Nbd7 8. 0-0 0-0 9. b3 e5 10. dxe5 Nxe5 11. Nxe5 Qxe5 12. Bb2 Ne4 13. Na4 Qe7 14. Bxg7 Kxg7 15. cxd5 cxd5 16. Bxe4 dxe4 17. Qd4+ Kg8 18. Nc3 f5 19. Nd5 Qf7 20. Rac1 Qg7 21. Qxg7+ Kxg7 22. Rc7+ Kh6 23. Rfc1 Be6 24. Nf4 Bg8 25. Rxb7 Rfd8 26. Rbc7 Rd2 27. R7c2 Rad8 28. Ne2 a5 29. Nd4 Rd3 30. Kh2 f4 31. Nc6 Rf8 32. exf4 Rxf4 33. Nxa5 Be6 34. Nc4 Rf5 35. Ne3 Rh5 36. Re1 Kg5 37. Rc5+ Bf5 38. g4 Rh4 39. gxf5 gxf5 40. Rg1+ Kf6 41. Rxf5+ Ke6 42. Rg4 Rh6 43. Rxe4+ Kd6 44. Rc4 Rd2 45. a4 Rb2 46. b4 Rb1 47. b5 Ke6 48. Rc6+ 1-0

[Event "Sainte Adele Superfest U2000"]
[Site "Sainte Adele"]
[Date "2012.08.18"]
[Round "4"]
[White "Vanden, Ronald E"]
[Black "Brule, Daniel"]
[Result "1-0"]
[WhiteElo "1707"]
[BlackElo "1513"]
[PlyCount "41"]
[EventDate "2012.08.15"]
[EventType "swiss"]
[EventRounds "5"]
[EventCountry "CAN"]
[SourceTitle "EXT 2022"]
[Source "ChessBase"]
[SourceDate "2021.10.06"]
[SourceVersion "1"]
[SourceVersionDate "2021.10.06"]
[SourceQuality "1"]

1. c4 e5 2. g3 Nc6 3. Bg2 b6 4. Nc3 Bb7 5. Nf3 Nf6 6. Nxe5 Bd6 7. Nxc6 dxc6 8. 0-0 Qd7 9. d4 0-0-0 10. e3 g5 11. a3 h5 12. Ne4 Nxe4 13. Bxe4 f5 14. Bg2 g4 15. h4 gxh3 16. Bxh3 Rdg8 17. e4 Rg4 18. exf5 Qxf5 19. Qb3 Rhg8 20. c5 Qe4 21. Qxg8+ 1-0